000 00527nam a2200205Ia 4500
003 GCL
008 140319s9999 xx 000 0 eng d
040 _aGCL /
_cGCL
082 0 4 _aCC
_b962.02
_bB D
100 1 _aBEAUCOUR, FERNAND
245 1 0 _aLA DECOUVERTE DE L'EGYPTE /
_cBEAUCOUR, FERNAND
700 1 _aLAISSUS, YVES
700 1 _aORGOGOZO, CHANTAL
260 _a[S.N] :
_bFLAMMARION ،
_c1989
300 _a271 p
650 0 4 _aEGYPT
650 0 4 _aMODERN HISTORY
650 0 4 _aFRENCH EXPEDITION
942 _2ddc
_cBK
999 _c21260
_d21260